Tobia, Sapienza, Siracide, Baruc, aggiunte a Daniele / (Record n. 357759)

Dettagli MARC
000 -LEADER
fixed length control field 02153nam a2200505 a 4500
001 - CONTROL NUMBER
control field 000000425062
003 - CONTROL NUMBER IDENTIFIER
control field IT-MiSPE
005 - DATE AND TIME OF LATEST TRANSACTION
control field 20180120144924.0
008 - FIXED-LENGTH DATA ELEMENTS--GENERAL INFORMATION
fixed length control field 160714s2016 it 001 u ita d
020 ## - INTERNATIONAL STANDARD BOOK NUMBER
International Standard Book Number 9788831193955
040 ## - CATALOGING SOURCE
Original cataloging agency PUG
Language of cataloging ita
Modifying agency clb
Transcribing agency ITMiSPE
084 ## - OTHER CLASSIFICATION NUMBER
Classification number 12 F
084 ## - OTHER CLASSIFICATION NUMBER
Classification number 12 H
084 ## - OTHER CLASSIFICATION NUMBER
Classification number 12 L
130 0# - MAIN ENTRY--UNIFORM TITLE
Uniform title Biblia.
Name of part/section of a work V.T.
-- Tobias.
Language of a work Italiano.
9 (RLIN) 56795
245 10 - TITLE STATEMENT
Title Tobia, Sapienza, Siracide, Baruc, aggiunte a Daniele /
Statement of responsibility, etc. a cura di Sever J. Voicu ; introduzione generale di Angelo Di Berardino.
260 ## - PUBLICATION, DISTRIBUTION, ETC. (IMPRINT)
Place of publication, distribution, etc. Roma :
Name of publisher, distributor, etc. Città Nuova,
Date of publication, distribution, etc. 2016.
300 ## - PHYSICAL DESCRIPTION
Extent 627 p. ;
Dimensions 26 cm
490 1# - SERIES STATEMENT
Series statement La Bibbia commentata dai Padri.
-- Antico Testamento ;
Volume/sequential designation 005
500 ## - GENERAL NOTE
General note Testo su due colonne
504 ## - BIBLIOGRAPHY, ETC. NOTE
Bibliography, etc Contiene riferimenti bibliografici e indici
630 04 - SUBJECT ADDED ENTRY--UNIFORM TITLE
Uniform title Biblia.
Name of part/section of a work V.T.
-- Tobias
General subdivision Commenti italiano.
9 (RLIN) 56796
630 04 - SUBJECT ADDED ENTRY--UNIFORM TITLE
Uniform title Biblia.
Name of part/section of a work V.T.
-- Sapientia
General subdivision Commenti italiano.
9 (RLIN) 56797
630 04 - SUBJECT ADDED ENTRY--UNIFORM TITLE
Uniform title Biblia.
Name of part/section of a work V.T.
-- Ecclesiasticus
General subdivision Commenti italiano.
9 (RLIN) 56798
630 04 - SUBJECT ADDED ENTRY--UNIFORM TITLE
Uniform title Biblia.
Name of part/section of a work V.T.
-- Baruch
General subdivision Commenti italiano.
9 (RLIN) 56799
630 04 - SUBJECT ADDED ENTRY--UNIFORM TITLE
Uniform title Biblia.
Name of part/section of a work V.T.
-- Daniel.
-- 3,24-90
General subdivision Commenti italiano.
9 (RLIN) 56800
630 04 - SUBJECT ADDED ENTRY--UNIFORM TITLE
Uniform title Biblia.
Name of part/section of a work V.T.
-- Daniel.
-- 13,1-14,42
General subdivision Commenti italiano.
9 (RLIN) 56801
655 #7 - INDEX TERM--GENRE/FORM
Genre/form data or focus term Sacra Scrittura. Studi sul Vecchio Testamento
General subdivision Pentateuco - Libri storici.
Source of term local
9 (RLIN) 56802
655 #7 - INDEX TERM--GENRE/FORM
Genre/form data or focus term Sacra Scrittura. Studi sul Vecchio Testamento
General subdivision Libri poetici e sapienzali.
Source of term local
9 (RLIN) 56779
655 #7 - INDEX TERM--GENRE/FORM
Genre/form data or focus term Sacra Scrittura. Studi sul Vecchio Testamento
General subdivision Profeti maggiori.
Source of term local
9 (RLIN) 56786
700 1# - ADDED ENTRY--PERSONAL NAME
Personal name Voicu, Sever J.,
Dates associated with a name 1945-,
Relator term ed.
9 (RLIN) 56803
700 1# - ADDED ENTRY--PERSONAL NAME
Personal name Di Berardino, Angelo,
Titles and other words associated with a name o.s.a.,
Dates associated with a name 1930-,
Relator term pr.
9 (RLIN) 56804
730 00 - ADDED ENTRY--UNIFORM TITLE
Uniform title Biblia.
Name of part/section of a work V.T.
-- Sapientia.
Language of a work Italiano.
9 (RLIN) 56805
730 02 - ADDED ENTRY--UNIFORM TITLE
Uniform title Biblia.
Name of part/section of a work V.T.
-- Ecclesiasticus.
Language of a work Italiano.
9 (RLIN) 56806
730 02 - ADDED ENTRY--UNIFORM TITLE
Uniform title Biblia.
Name of part/section of a work V.T.
-- Baruch.
Language of a work Italiano.
9 (RLIN) 56807
730 02 - ADDED ENTRY--UNIFORM TITLE
Uniform title Biblia.
Name of part/section of a work V.T.
-- Daniel.
-- 3,24-90.
Language of a work Italiano.
9 (RLIN) 56808
730 02 - ADDED ENTRY--UNIFORM TITLE
Uniform title Biblia.
Name of part/section of a work V.T.
-- Daniel.
-- 13,1-14,42.
Language of a work Italiano.
9 (RLIN) 56809
740 02 - ADDED ENTRY--UNCONTROLLED RELATED/ANALYTICAL TITLE
Uncontrolled related/analytical title Sapienza.
740 02 - ADDED ENTRY--UNCONTROLLED RELATED/ANALYTICAL TITLE
Uncontrolled related/analytical title Siracide.
740 02 - ADDED ENTRY--UNCONTROLLED RELATED/ANALYTICAL TITLE
Uncontrolled related/analytical title Baruc.
740 02 - ADDED ENTRY--UNCONTROLLED RELATED/ANALYTICAL TITLE
Uncontrolled related/analytical title Aggiunte a Daniele.
830 #3 - SERIES ADDED ENTRY--UNIFORM TITLE
Uniform title La Bibbia commentata dai Padri.
Name of part/section of a work Antico Testamento ;
Volume number/sequential designation 005.
9 (RLIN) 56810
942 ## - ADDED ENTRY ELEMENTS (KOHA)
Source of classification or shelving scheme Dewey Decimal Classification
Koha item type LIBRO
Dati di copia
Withdrawn status Lost status Source of classification or shelving scheme Damaged status Not for loan Home library Current library Date acquired Total Checkouts Full call number Barcode Date last seen Price effective from Koha item type
    Dewey Decimal Classification Buone Condizioni Not For Loan CINISELLO CINISELLO 20/01/2018   220.66 BIB co pa (23101) 9788831193955 20/01/2018 20/01/2018 LIBRO
CREDITS: SOCIETA' SAN PAOLO Via A.Severo, 58 - ROMA (RM) & PERIODICI SAN PAOLO SRL Via Giotto, 36 MILANO & CISF Via Giotto, 36 MILANO & EDIZIONI SAN PAOLO SRL,  Piazza Soncino, 5 CINISELLO BALSAMO (MI) -- ITALY